| 000 | 00898nac a22002531i 4500 | ||
|---|---|---|---|
| 003 | EG-ScBUE | ||
| 005 | 20250529083803.0 | ||
| 008 | 101011s1970 enk f b 001 0 eng d | ||
| 020 | _a85157095X | ||
| 040 |
_aEG-ScBUE _beng _erda _cEG-ScBUE _dEG-ScBUE |
||
| 082 | 0 | 4 |
_a507 _bGRO _222 |
| 100 | 1 |
_aGrogan, Denis, _920260 _eauthor. |
|
| 245 | 1 | 0 |
_aScience and technology : _ban introduction to the literature / _cDenis Grogan, BA FLA, Head of the Department of Bibliographical Studies, College of Librarianship Wales. |
| 250 | _aFirst edition. | ||
| 264 | 1 |
_aLondon : _bClive Bingley, _c1970. |
|
| 300 |
_a231 pages ; _c23 cm |
||
| 336 |
_2rdacontent _atext _btxt |
||
| 337 |
_aunmediated _2rdamedia _bn |
||
| 338 |
_avolume _bnc _2rdacarrier |
||
| 504 | _aIncludes bibliographical references and index. | ||
| 650 | 7 |
_aScientific literature. _920261 _2BUEsh |
|
| 655 | _vReading book | ||
| 942 |
_cBB _2ddc |
||
| 999 |
_c9198 _d9198 |
||